000 00610nam a22002297a 4500
001 62438
003 UA-OsUOA
005 20211019203950.0
007 ta
008 20090827b un ||||| |||| 00| 0 ukr d
040 _aUA-OsUOA
_bukr
_cUA-OsUOA
_dUA-OsUOA
041 _aukr
080 _a94(47+57)
090 _a94(47+57)
_bБ90
100 _aБуганов В. И.
245 _aОтечественная историография русского летописания
260 _aМ.
_bНаука
_c1975
300 _a342 с.
650 7 _a94 Історія
_2UDC
942 _cBK
_2udc
955 _a2
999 _c348528
_d348528